A course in number theory and cryptography
Saved in:
| Main Author: | |
|---|---|
| Format: | Book |
| Language: | English |
| Published: |
New York :
Springer-Verlag,
c1987
|
| Series: | Graduate texts in mathematics ;
; 114 |
| Subjects: | |
| Tags: |
Add Tag
No Tags, Be the first to tag this record!
|
MARC
| LEADER | 00000nam a2200000 i 4500 | ||
|---|---|---|---|
| 001 | 1/31790 | ||
| 008 | 941103s1987 eng d | ||
| 020 | |a 0387965769 | ||
| 020 | |a 3540965769 | ||
| 035 | |l 10038924 | ||
| 040 | |a GR-MY-UA |b gre |e aacr | ||
| 041 | 0 | |a eng | |
| 082 | 0 | |a 512.7 |2 (20) | |
| 100 | 1 | |a Koblitz, Neal |d 1948- | |
| 245 | 1 | 2 | |a A course in number theory and cryptography / |c Neal Koblitz |
| 260 | |a New York : |b Springer-Verlag, |c c1987 | ||
| 300 | |a 208 σ.; |c 24 εκ. | ||
| 490 | 1 | |a Graduate texts in mathematics |v ; 114 | |
| 504 | |a Περιέχει βιβλιογραφικές αναφορές και ευρετήριο | ||
| 650 | 0 | 0 | |a Number theory. |
| 650 | 0 | 0 | |a Cryptography. |
| 830 | 0 | |a Graduate texts in mathematics ; |v ; 114 | |
| 852 | |a INST |b SAMOS |e 19941103 |h 512.7 KOB |p 005300006854 |q 005300006854 |t BK |y 0 | ||
| 909 | |a Σ |b 029369 | ||